• 首页
  • 本馆介绍
  • 公告通知
  • 最新文献
  • 馆藏检索
  • 电子资源
  • 读者导购
  • 参考咨询
  • 我的图书馆
  • 登录
  • 详细信息显示
  • 放入我的书架
  • 预约/预借图书
  • 作者相关作品
  • 分类相关作品
  • 丛书相关作品
  • 出版社相关作品

书目信息

  • 表格格式
  • 工作单格式
  • 卡片格式
题名:
医学统计学
    
 
作者: 颜虹 主编
分册:  
出版信息: 北京   人民卫生出版社  2010
页数: 24,550页
开本: 28cm
丛书名:
单 册:
中图分类: R195.1
科图分类:
主题词: 医学统计--统计学--医学院校--教材 , 医学统计
电子资源:
ISBN: 978-7-117-13107-0
000 01080nam0 2200289 450
001 012015000093
005 20150914160342.01
010    @a978-7-117-13107-0@dCNY65.00
100    @a20100819d2010 em y0chiy50 ea
101 0  @achi@aeng
102    @aCN@b110000
105    @ay z 000yy
106    @ar
200 1  @a医学统计学@Ayi xue tong ji xue@dMedical Statistics@f颜虹主编@zeng
205    @a2版
210    @a北京@c人民卫生出版社@d2010
215    @a24,550页@d28cm@e1光盘
300    @a卫生部”十一五“规划教材 全国高等医药教材建设研究会规划教材 全国高等学校教材 供8年制及7年制临床医学等专业用
307    @a附光盘:ISBN 978-7-89456-067-4
330    @a全书共分26章,内容包括:医学研究统计概述、统计描述、常见的概率分布、参数估计、假设检验、两样本均数比较的假设检验、多个样本均数比较的假设检验、行类表资料的假设检验等。
510 1  @aMedical Statistics@zeng
606 0  @a医学统计@x统计学@x医学院校@j教材
606 0  @a医学统计
690    @aR195.1@v5
701  0 @a颜虹@Ayan hong@f(1957~)@4主编
801  0 @aCN@b碧洲教育@c20150716
905    @a10447@f4@dR195.1@e219=2
    
    医学统计学=Medical Statistics/颜虹主编.-2版.-北京:人民卫生出版社,2010
    24,550页;28cm+1光盘
    卫生部”十一五“规划教材 全国高等医药教材建设研究会规划教材 全国高等学校教材 供8年制及7年制临床医学等专业用
    
    ISBN 978-7-117-13107-0:CNY65.00
    全书共分26章,内容包括:医学研究统计概述、统计描述、常见的概率分布、参数估计、假设检验、两样本均数比较的假设检验、多个样本均数比较的假设检验、行类表资料的假设检验等。
●
相关链接 在E读中查询图书 在五车中查询图书 在当当中查询图书 在豆瓣中查询图书


正题名:医学统计学     索取号:R195.1/219=2         预约/预借

序号 登录号 条形码 馆藏地/架位号 状态 备注
1 0870637   208706373   第二样本阅览室/ [索取号:R195.1/219=2] 在馆    
2 0870638   208706382   第三借阅区/ [索取号:R195.1/219=2] 在馆    
3 0870639   208706391   第三借阅区/ [索取号:R195.1/219=2] 在馆    
4 0870640   208706408   第三借阅区/ [索取号:R195.1/219=2] 在馆    
唐山师范学院图书馆 欢迎您!
大连网信软件有限公司© 版权所有